000 01243cam a22003377a 4500
003 CHAP
005 20220329141957.0
008 981104d1998 mx r 00110 spa d
010 _a76570
011 _a77542
035 _a87151
040 _cCHAP
090 _aTesis
100 0 0 _aDomínguez Durán, Adrián.
_933801
245 1 0 _aProblemática que impide incrementar las exportaciones de tequila envasado de origen
_c/por Adrián Domínguez Durán
260 _aChapingo, Méx. :
_bEl autor,
_c1998.
300 _a120 h. :
_bcuadros
502 _aTesis (Lic. en Comercio Internacional de Productos Agropecuarios) -- UACH. División de Ciencias Económico-Administrativas
590 _aALEPH
_b10
_c20130110
_lUCH01
_h1425
590 _aBATCH-UPD
_b10
_c20130110
_lUCH01
_h0553
590 _aBATCH-UPD
_b10
_c20130410
_lUCH01
_h0235
590 _aBATCH-UPD
_b10
_c20130914
_lUCH01
_h1218
590 _aCONVERSION
_b10
_c20130109
_lUCH01
_h1342
650 1 4 _aTequila
_xExportación.
_9112339
901 _aBK
905 _aSusana Ojeda T.
942 _cFOLL
949 _bBC
_cTES
_d33724000590410
_eTS2
_fc.3
_h32989
_i87151
_si
949 _bBC
_cTES
_d33724000590675
_eTS2
_fc.2
_h329988
_i87151
_sb
949 _bBC
_cTES
_d871511
_eTS1
_h32987
_i87151
_sb
999 _c76570
_d76570